Missing Word: Octopus III Quiz Stats

 Plays Quiz Updated Feb 6, 2017

Challenge
Share
Tweet
Embed
Score 0/40 Timer 03:00
0 Plays Today
Answer % Correct
Code
98.9%
Private
98.4%
Lake
96.3%
Million
95.8%
Pursuit
93.2%
Santa
93.2%
Sleepless
91.2%
Chutes
90.5%
Away
90.2%
Trap
90.1%
Green
87.1%
Game
86.7%
Miami
86.5%
Blood
86.1%
Malcolm
85.7%
Des
85.6%
Phoenix
85.3%
Country
83.4%
Hurt
82.8%
Kramer
82.7%
Answer % Correct
Deathly
82.6%
Baton
82.4%
Arrested
82.4%
Angeles
82.3%
Land
82.2%
City
82%
Goblet
79.9%
Slumdog
79.8%
Idol
79.2%
Hell's
77.7%
Raiders
75.2%
Apollo
74.9%
Azkaban
73.9%
Mac
72.9%
Who
72%
Ravens
71.8%
Wizard
66.8%
O'er
62.8%
My
59.7%
Blue
55.7%

Today's Daily Dose

You're not logged in!

Compare scores with friends on all Sporcle quizzes.
Join for Free
OR
Log In

You Might Also Like...

Show Comments

Extras

Top Quizzes Today


Score Distribution

Your Account Isn't Verified!

In order to create a playlist on Sporcle, you need to verify the email address you used during registration. Go to your Sporcle Settings to finish the process.

Report this User

Report this user for behavior that violates our Community Guidelines.

Details: